| 000 | 00000nam##2200000za#4500 |
| 001 | 9.570575 |
| 003 | CaOODSP |
| 005 | 20210624182315 |
| 007 | cr ||||||||||| |
| 008 | 150406|1997||||xxc|||||o f|0| 0 eng|d |
| 040 | |aCaOODSP|beng |
| 043 | |an-cn--- |
| 086 | 1 |aC21-24/16-1997E-PDF |
| 110 | 1 |aCanada.|bIndustry Canada. |bMicro-Economic Analysis Directorate. |
| 245 | 10|aBusiness strategies of SMEs and large firms in Canada / |h[electronic resource]|cby Gilles McDougall and David Swimmer. |
| 260 | |aOttawa - Ontario : |bIndustry Canada. |cOctober 1997. |
| 300 | |a69p.|bfigs., graphs, tables |
| 490 | 1 |aWorking paper series|vNo. 16 |
| 504 | |aBibliography. |
| 590 | |a12-10-Supp|b2012-03-23 |
| 720 | 1 |aMcdougall, Gilles |
| 720 | 1 |aSwimmer, David |
| 775 | 08|tStratégies commerciales des PME et des grandes entreprises au Canada / |w(CaOODSP)9.601224 |
| 776 | 0#|tBusiness strategies of SMEs and large firms in Canada / |w(CaOODSP)9.529468 |
| 776 | 0#|tStratégies commerciales des PME et des grandes entreprises au Canada / |w(CaOODSP)9.529469 |
| 830 | #0|aWorking paper series ;|vNo. 16|w(CaOODSP)9.504711 |
| 856 | 40|ahttp://publications.gc.ca|qPDF|s1.64 MB|uhttps://publications.gc.ca/collections/Collection/C21-24-16-1997E.pdf|yNo. 16 |